| 000 | 00485nam a2200169Ia 4500 | ||
|---|---|---|---|
| 003 | OSt | ||
| 005 | 20200702110106.0 | ||
| 008 | 190216s9999||||xx |||||||||||||| ||und|| | ||
| 020 | _a8185418349 | ||
| 040 | _coclc | ||
| 082 |
_a915.4 _bMAN/M |
||
| 100 |
_aManucci, Niccolao _93442 |
||
| 245 | 0 |
_aMogul India 1653-1708 / _cNiccolao Manucci |
|
| 260 |
_bLow Price Publications, _c1990. _aDelhi: |
||
| 300 | _a387p | ||
| 942 |
_cBK _2ddc _h915.4 _iMAN/M _k915.4 _mMAN/M |
||
| 999 |
_c20446 _d20446 |
||